<?xml version="1.0" encoding="UTF-8"?>
<marc:record xmlns:marc="http://www.loc.gov/MARC21/slim">
   <marc:leader>00000nam a2200000 a 4500</marc:leader>
   <marc:datafield ind1="1" ind2=" " tag="100">
      <marc:subfield code="a">Heinen, Martin</marc:subfield>
   </marc:datafield>
   <marc:datafield ind1="1" ind2=" " tag="100">
      <marc:subfield code="a">Körnich, Matthias</marc:subfield>
   </marc:datafield>
   <marc:datafield ind1="1" ind2=" " tag="100">
      <marc:subfield code="a">Keuter, Lucia</marc:subfield>
   </marc:datafield>
   <marc:datafield ind1="1" ind2=" " tag="100">
      <marc:subfield code="a">Lump, Manuela</marc:subfield>
   </marc:datafield>
   <marc:datafield ind1="1" ind2=" " tag="100">
      <marc:subfield code="a">Baumgärte, K. F.</marc:subfield>
   </marc:datafield>
   <marc:datafield ind1="1" ind2=" " tag="100">
      <marc:subfield code="a">Frei-Borchers, Martin</marc:subfield>
   </marc:datafield>
   <marc:datafield ind1=" " ind2=" " tag="653">
      <marc:subfield code="a">Maus</marc:subfield>
   </marc:datafield>
   <marc:datafield ind1=" " ind2=" " tag="653">
      <marc:subfield code="a">Elefanten</marc:subfield>
   </marc:datafield>
   <marc:datafield ind1=" " ind2=" " tag="653">
      <marc:subfield code="a">Fernsehsendung</marc:subfield>
   </marc:datafield>
   <marc:datafield ind1="0" ind2="0" tag="245">
      <marc:subfield code="a">(M)auserlesene Lieder</marc:subfield>
   </marc:datafield>
   <marc:datafield ind1=" " ind2="1" tag="264">
      <marc:subfield code="b">WDR mediagroup GmbH</marc:subfield>
   </marc:datafield>
   <marc:datafield ind1="1" ind2=" " tag="490">
      <marc:subfield code="a">Tonie; Die Maus</marc:subfield>
   </marc:datafield>
   <marc:datafield ind1="1" ind2=" " tag="520">
      <marc:subfield code="a">Sie ist orange, zeitlos und wenn sie die Welt erklärt, zieht sie alle Kinder in ihren Bann. Die Maus – unverwechselbar, neugierig und ganz schön clever! Sie präsentiert auf diesem Tonie die schönsten Lieder aus Deutschlands beliebter Kindersendung.&lt;br/&gt;01 - Begrüßung deutsch&lt;br/&gt;02 - Begrüßung singhalesisch&lt;br/&gt;03 - Mausspot: Es war einmal die Maus&lt;br/&gt;04 - Nulli und Priesemut: Freundschaftslied&lt;br/&gt;05 - Ohrwurm&lt;br/&gt;06 - Ballade von Herrn Gelb und Frau Blau&lt;br/&gt;07 - Zauberer Korinthe&lt;br/&gt;08 - Schweinchen Firlefanz&lt;br/&gt;09 - Jule wäscht sich nie&lt;br/&gt;10 - Heinz, der Elefant&lt;br/&gt;11 - Hier kommt die Maus&lt;br/&gt;12 - Meine Oma fährt im Hühnerstall Motorrad&lt;br/&gt;13 - Das Erfinderlied&lt;br/&gt;14 - Mann und Bär im Meer&lt;br/&gt;15 - Wo schlafen Bärenkinder?&lt;br/&gt;16 - Mausspot: Räuberleiter&lt;br/&gt;17 - Verabschiedung</marc:subfield>
   </marc:datafield>
   <marc:datafield ind1=" " ind2=" " tag="020">
      <marc:subfield code="a">4251192100108</marc:subfield>
      <marc:subfield code="9">4251192100108</marc:subfield>
   </marc:datafield>
   <marc:datafield ind1=" " ind2=" " tag="041">
      <marc:subfield code="a">ger</marc:subfield>
   </marc:datafield>
   <marc:datafield ind1=" " ind2=" " tag="300">
      <marc:subfield code="e">Booklet</marc:subfield>
   </marc:datafield>
   <marc:datafield ind1="1" ind2=" " tag="521">
      <marc:subfield code="a">0</marc:subfield>
   </marc:datafield>
   <marc:datafield ind1=" " ind2=" " tag="300">
      <marc:subfield code="a">40 Minuten, 1 Toniefigur</marc:subfield>
   </marc:datafield>
</marc:record>
